000 00885nam a22002777a 4500
003 CHAP
005 20220329133736.0
008 971013s1985 r 10010 d
010 _a10212
011 _a11184
035 _a10422
040 _cCHAP
082 _a638.12
_bI58 1984
111 0 0 _aInternational Conference on Apiculture in Tropical Climates (
_n3
_d: 1984
_c: Nairobi,Kenia)
_959596
245 _aProceeding
260 _aLondon :
_bIBRA,
_c1985
300 _a270 p
590 _aBATCH-UPD
_b10
_c20130110
_lUCH01
_h0140
590 _aBATCH-UPD
_b10
_c20130110
_lUCH01
_h2141
590 _aCONVERSION
_b10
_c20130109
_lUCH01
_h1307
650 1 4 _aApicultura
_xCongresos.
_96253
710 0 _aInternational Bee Research Association.
_959551
901 _aBK
942 _cLIBRO
949 _a638.12 I58 1984
_bBC
_cLIBRO
_d33724000094926
_eLIBRO
_gI.169923
_h85348
_i10422
_si
_t103.00
999 _c10212
_d10212